000 02642nam a22003377a 4500
001 PPSZ 0165
003 gtcocun
005 20251022162822.0
006 a||||gr|||| 00| 0
007 ta
008 251022b2022 gt ||||| m||| 00| 0 eng d
040 _agtcocun
_bSPA
_cgtcocun
_eRDA
041 _aSPA PPSZ 0165
084 _0PPSZ 0165
100 _a Calel Gómez, Roxana Marisol
_eAutor
245 _aINFORME DE PRÁCTICA PROFESIONAL SUPERVISADA, REALIZADA EN LA GRANJA TIO GÜILO, UBICADA EN LA ALDEA CHITUL, DEL MUNICIPIO DE SANTA CRUZ VERAPAZ, ALTA VERAPAZ/
_cRoxana Marisol Calel Gómez.
_hImpreso
264 _aCobán, Alta Verapaz:
_bUniversidad de San Carlos de Guatemala, Centro Universitario del Norte, Carrera de Técnico en Producción Pecuaria
_c2022
300 _a43 p.:
_bIlustraciones, gráficas.
_c28 cm;
300 _cPDF
336 _2rdacontenido
_aTexto
_btxt
337 _2rdamedio
_aComputadora
_bn
338 _2rdasoporte
_aCódigo en línea
_bcr
502 _ePPSZ 0165
502 _aPráctica Profesional Supervisada
_bCarrera de Técnico en Producción Pecuaria,
_cUniversidad de San Carlos de Guatemala, Centro Universitario del Norte, Carrera de Técnico en Producción Pecuaria
_d2022
_oPPSZ 0165
520 1 4 _aLa Práctica Profesional Supervisada PPS, se realizó en la granja Tío Güilo, se encuentra ubicada en la aldea Chitul del municipio de Santa Cruz Verapaz, Alta Verapaz, la cual tuvo una duración de cinco meses. Durante este tiempo se realizaron las actividades programadas las cuales tuvieron como resultado la actualización de registros productivos, se determinaron los requerimientos nutricionales de las cerdas gestantes, se capacitaron a los señores que laboran en la granja con el fin de tener mejores resultados en los manejos, se participó en las diferentes actividades como siembra de pastos, limpieza de porquerizas, se efectuó la desparasitación de bovinos. Como extensión y servicio se realizó una jornada de vacunación avícola en la aldea Chitul, del municipio de Santa Cruz Verapaz, Alta Verapaz, se aplicó la vacuna triple aviar en las aves de traspatio, de manera que se beneficiaron 10 familias del lugar.
650 1 4 _2LEMB
_aSanta Cruz Verapaz, Alta Verapaz
_xZootecnia
_xProducción porcina
_xNutrición animal
_xCapacitación
_xDesparasitación
_xVacunación avícola
700 _aLicda. Vilma Elizabeth Quezada Méndez
_eAsesor
856 _uhttps://drive.google.com/file/d/1j_IjnwCxk-5knW88TsF1uhODMynzOBE0/view
_yPDF
_zUn ejemplar en línea.
942 _2ddc
_cTES
_iPPSZ 0165
_kClasificación
_n0
_6PPSZ_0165_000000000000000
999 _c2386
_d2386